Normal view
MARC view
- Vivaldi Antonio
Entry Personal Name
001 - CONTROL NUMBER
- control field: 11867
003 - CONTROL NUMBER IDENTIFIER
- control field: IT-RoPau
005 - DATE AND TIME OF LATEST TRANSACTION
- control field: 20140201212034.0
008 - FIXED-LENGTH DATA ELEMENTS
- fixed length control field: 140201|| aca||aabn | a|a d
040 ## - CATALOGING SOURCE
- Original cataloging agency: IT-RoPau
- Transcribing agency: IT-RoPau
100 ## - HEADING--PERSONAL NAME
- Personal name: Vivaldi Antonio
- Dates associated with a name: Codice autore musica SPICS: 11195
- Relator term: Autore musica
- Name of part/section of a work: Trio in mi mag f XIII n 20 - Trio in do mag f XVI n 3
670 ## - SOURCE DATA FOUND
- Source citation: Work cat.: (IT-RoPau)99463: AA.VV. 794, Trio chitarristico italiano